History Quiz

Random History or Decade Quiz

Which Year? (1960s) Quiz Stats

 Plays Quiz Updated Mar 22, 2018

Score 0/20 Timer 05:00
10 Plays Today
Question Answer Wrong Answers
Neil Armstrong becomes the first person to walk on the moon. 1969
85.8%
1962
2%
1964
3.5%
1967
3.7%
John F. Kennedy is assassinated in Dallas, Texas. 1963
85.7%
1960
1.3%
1961
2.7%
1962
5.5%
The Cuban Missile crisis occurs. 1962
78.2%
1960
6.9%
1964
6.3%
1966
3.4%
Martin Luther King, Jr. and Robert F. Kennedy are assassinated. 1968
70.4%
1963
12.7%
1965
7.2%
1966
4.7%
Construction of the Berlin Wall begins. 1961
69.6%
1964
13.9%
1967
6.4%
1969
4.8%
Richard Nixon becomes president of the United States. 1969
68.8%
1961
3.4%
1963
6%
1967
16.6%
The Six-Day War occurs. 1967
66.2%
1960
8.3%
1963
12.4%
1969
7.7%
Yuri Gagarin becomes the first human in space. 1961
65%
1964
15.6%
1967
11.8%
1969
2.6%
The U.S. launches the Bay of Pigs invasion in Cuba. 1961
59.6%
1963
26.9%
1965
5.1%
1967
3.2%
Malcolm X is assassinated in New York City. 1965
58.1%
1960
3%
1962
9.2%
1968
24.3%
England wins the FIFA World Cup. 1966
56.9%
1960
12.2%
1962
16.2%
1968
9.2%
Martin Luther King, Jr. delivers his 'I Have a Dream' speech. 1963
55.8%
1960
3.6%
1966
20.9%
1968
14.5%
The Prague Spring occurs in Czechoslovakia. 1968
54.1%
1961
6.8%
1963
15.6%
1965
17.6%
Christiaan Barnard performs the first heart transplant in South Africa. 1967
52.6%
1960
6.5%
1962
16.6%
1964
18.4%
Winston Churchill dies at age 90. 1965
49.9%
1961
10.2%
1963
14.3%
1967
20.1%
The Gulf of Tonkin incident leads to increased U.S. involvement in the Vietnam War. 1964
49.9%
1961
10.3%
1967
26.9%
1969
7.2%
The Summer Olympic games occur in Rome. 1960
44.4%
1962
11.3%
1964
27.3%
1968
11.4%
Che Guevara is executed in Bolivia. 1967
44.4%
1961
11.1%
1964
25.1%
1969
13.9%
Leonid Brezhnev becomes leader of the Soviet Union after Nikita Khrushchev's removal. 1964
43.7%
1961
11.7%
1966
22.3%
1968
16.8%
Niger and Chad, among other African nations, become independent from France. 1960
28.6%
1963
27.9%
1966
27.9%
1969
9.9%

You're not logged in!

Compare scores with friends on all Sporcle quizzes.
OR
Log In

Sporcle TV

Today on Sporcle TV


Watch our educational content, quiz creation guides, and fun videos on Sporcle TV.

Show Comments

Extras

Top Quizzes Today


Score Distribution

Your Account Isn't Verified!

In order to create a playlist on Sporcle, you need to verify the email address you used during registration. Go to your Sporcle Settings to finish the process.

Report this User

Report this user for behavior that violates our Community Guidelines.

Details: